[Event "BL2-Sued 2223"]
[Site "Germany"]
[Date "2023.03.19"]
[Round "10.5"]
[White "Perske, Paul"]
[Black "Beyer, Christian"]
[Result "0-1"]
[WhiteElo "2104"]
[BlackElo "2275"]
[PlyCount "72"]
[EventDate "2022.10.22"]
[EventType "team-tourn"]
[EventRounds "9"]
[EventCountry "GER"]
[SourceTitle "EXT 2024"]
[Source "ChessBase"]
[SourceDate "2023.10.10"]
[SourceVersion "1"]
[SourceVersionDate "2023.10.10"]
[SourceQuality "1"]
[WhiteTeam "Heidesheim"]
[BlackTeam "Stuttgart"]
[WhiteTeamCountry "GER"]
[BlackTeamCountry "GER"]

1. e4 c5 2. Nf3 e6 3. d4 cxd4 4. Nxd4 Nc6 5. Nc3 Qc7 6. Be3 a6 7. Qf3 b5 8. Nxc6 Qxc6 9. e5 Qxf3 10. gxf3 Bb7 11. Ne4 f5 12. Nd6+ Bxd6 13. exd6 Bxf3 14. Rg1 Kf7 15. Rg3 Bd5 16. Bd4 Nf6 17. f4 Rhc8 18. c3 Rab8 19. Bd3 Rc6 20. Kd2 Bc4 21. Rag1 g6 22. Rh3 Bxd3 23. Kxd3 Rxd6 24. Kc2 Rh8 25. Rh6 Kg7 26. Be5 Rd5 27. Bxf6+ Kxf6 28. Rgxg6+ hxg6 29. Rxh8 e5 30. fxe5+ Kxe5 31. h4 f4 32. Re8+ Kf5 33. Rf8+ Ke4 34. Rf6 f3 35. Rxg6 f2 36. Rg4+ Kf3 0-1

[Event "BL2-Sued 2223"]
[Site "Germany"]
[Date "2023.03.18"]
[Round "9.5"]
[White "Beyer, Christian"]
[Black "Womacka, Mathias"]
[Result "1-0"]
[WhiteElo "2275"]
[BlackElo "2413"]
[PlyCount "75"]
[EventDate "2022.10.22"]
[EventType "team-tourn"]
[EventRounds "9"]
[EventCountry "GER"]
[SourceTitle "EXT 2024"]
[Source "ChessBase"]
[SourceDate "2023.10.10"]
[SourceVersion "1"]
[SourceVersionDate "2023.10.10"]
[SourceQuality "1"]
[WhiteTeam "Stuttgart"]
[BlackTeam "Hofheim"]
[WhiteTeamCountry "GER"]
[BlackTeamCountry "GER"]

1. e4 c5 2. Nf3 d6 3. d4 cxd4 4. Nxd4 Nf6 5. Nc3 a6 6. Bg5 e6 7. f4 h6 8. Bh4 Qb6 9. Qd2 Qxb2 10. Rb1 Qa3 11. e5 dxe5 12. fxe5 g5 13. exf6 gxh4 14. Be2 e5 15. Nd5 exd4 16. Nc7+ Kd8 17. Nxa8 Nc6 18. 0-0 Bd6 19. Nb6 Qc5 20. Nxc8 Kxc8 21. Bg4+ Kb8 22. Rf5 Ne5 23. Kh1 Rg8 24. Bh3 Rg5 25. Qe2 Ka7 26. Qe4 b5 27. Rd1 d3 28. cxd3 Rxf5 29. Bxf5 Nc6 30. d4 Qc4 31. Qe3 Nb4 32. Rc1 Qd5 33. Be4 Qg5 34. Qxg5 hxg5 35. a3 Na2 36. Rc2 Bxa3 37. Rxa2 Bd6 38. Bd5 1-0

[Event "BL2-Sued 2223"]
[Site "Germany"]
[Date "2022.11.27"]
[Round "4.4"]
[White "Beyer, Christian"]
[Black "Neuman, Petr"]
[Result "1/2-1/2"]
[WhiteElo "2275"]
[BlackElo "2387"]
[PlyCount "130"]
[EventDate "2022.10.22"]
[EventType "team-tourn"]
[EventRounds "9"]
[EventCountry "GER"]
[SourceTitle "EXT 2024"]
[Source "ChessBase"]
[SourceDate "2023.10.10"]
[SourceVersion "1"]
[SourceVersionDate "2023.10.10"]
[SourceQuality "1"]
[WhiteTeam "Stuttgart"]
[BlackTeam "Bad Mergentheim"]
[WhiteTeamCountry "GER"]
[BlackTeamCountry "GER"]

1. Nc3 c5 2. d4 cxd4 3. Qxd4 Nc6 4. Qh4 d5 5. e4 d4 6. Nd5 e6 7. Qxd8+ Kxd8 8. Nf4 Nf6 9. Bd3 e5 10. Nfe2 Bb4+ 11. Bd2 Bxd2+ 12. Kxd2 Be6 13. f4 Ng4 14. Nf3 f6 15. h3 Nf2 16. Rhf1 Nxd3 17. cxd3 Ke7 18. Ng3 g6 19. Ne1 Rac8 20. Nc2 Rc7 21. Rf2 Rhc8 22. f5 Bf7 23. fxg6 hxg6 24. Raf1 Nb8 25. Na3 Nd7 26. h4 Bxa2 27. h5 Bf7 28. hxg6 Bxg6 29. Rh1 a6 30. Rh6 Rg8 31. Nc2 a5 32. Ne1 Kf7 33. Nf5 Bxf5 34. Rxf5 Rg6 35. Rxg6 Kxg6 36. g4 Rc8 37. Nf3 Rh8 38. g5 fxg5 39. Rxg5+ Kf6 40. Rf5+ Ke6 41. Ng5+ Ke7 42. Rf7+ Kd6 43. Nh7 a4 44. Rg7 b5 45. Rg6+ Kc5 46. Rg7 Nb8 47. Nf6 Nc6 48. Nd7+ Kd6 49. Nb6 Nb4 50. Rg6+ Kc7 51. Nd5+ Nxd5 52. exd5 Rd8 53. Rc6+ Kb7 54. Rc5 Kb6 55. Rc6+ Ka5 56. d6 b4 57. Rc5+ Kb6 58. Rd5 b3 59. d7 Kc6 60. Rxe5 Rxd7 61. Ra5 Rh7 62. Rxa4 Rh2+ 63. Kd1 Rxb2 64. Rxd4 Kb5 65. Kc1 Rc2+ 1/2-1/2

[Event "BL2-Sued 2223"]
[Site "Germany"]
[Date "2022.11.26"]
[Round "3.4"]
[White "Fecker, Noah"]
[Black "Beyer, Christian"]
[Result "1-0"]
[WhiteElo "2387"]
[BlackElo "2275"]
[PlyCount "49"]
[EventDate "2022.10.22"]
[EventType "team-tourn"]
[EventRounds "9"]
[EventCountry "GER"]
[SourceTitle "EXT 2024"]
[Source "ChessBase"]
[SourceDate "2023.10.10"]
[SourceVersion "1"]
[SourceVersionDate "2023.10.10"]
[SourceQuality "1"]
[WhiteTeam "Heilbronn"]
[BlackTeam "Stuttgart"]
[WhiteTeamCountry "GER"]
[BlackTeamCountry "GER"]

1. e4 c5 2. Nf3 e6 3. b3 Nc6 4. Bb2 Nf6 5. e5 Nd5 6. Nc3 Nxc3 7. dxc3 Qc7 8. c4 b6 9. Bd3 Bb7 10. Qe2 0-0-0 11. a3 d6 12. exd6 Bxd6 13. 0-0-0 e5 14. Be4 Rhe8 15. Rhe1 Qd7 16. Kb1 Nd4 17. Nxd4 exd4 18. Bxb7+ Kxb7 19. Qf3+ Ka6 20. Rxe8 Qxe8 21. c3 Be5 22. b4 Qe6 23. cxd4 Bxd4 24. b5+ Ka5 25. Qb7 1-0

[Event "BL2-Sued 2223"]
[Site "Germany"]
[Date "2022.11.25"]
[Round "6.5"]
[White "Beyer, Christian"]
[Black "Gschnitzer, Oswald"]
[Result "1-0"]
[WhiteElo "2275"]
[BlackElo "2349"]
[PlyCount "90"]
[EventDate "2022.10.22"]
[EventType "team-tourn"]
[EventRounds "9"]
[EventCountry "GER"]
[SourceTitle "EXT 2024"]
[Source "ChessBase"]
[SourceDate "2023.10.10"]
[SourceVersion "1"]
[SourceVersionDate "2023.10.10"]
[SourceQuality "1"]
[WhiteTeam "Stuttgart"]
[BlackTeam "Walldorf"]
[WhiteTeamCountry "GER"]
[BlackTeamCountry "GER"]

1. e4 e5 2. Nf3 Nc6 3. Bb5 a6 4. Ba4 Nf6 5. Qe2 Be7 6. c3 b5 7. Bb3 0-0 8. d3 d6 9. Nbd2 Na5 10. Bc2 c5 11. Nf1 Nc6 12. a4 Rb8 13. Ng3 g6 14. axb5 axb5 15. Bh6 Re8 16. h3 Bf8 17. Qd2 Bg7 18. 0-0 d5 19. exd5 Qxd5 20. Ne4 Nxe4 21. dxe4 Qxd2 22. Bxd2 b4 23. Ba4 Bb7 24. Be3 Bf8 25. cxb4 cxb4 26. Rfc1 Rec8 27. Bxc6 Rxc6 28. Nxe5 Rxc1+ 29. Rxc1 Bg7 30. Nd7 Re8 31. Nc5 Ba8 32. b3 Bb2 33. Rc4 Bc3 34. Bd4 Bd2 35. f3 Bc6 36. Rc2 Bg5 37. Na6 Bd7 38. Kf2 Ra8 39. Nxb4 Rb8 40. Nd5 Rxb3 41. Bf6 Bh6 42. Ra2 Rb8 43. Be5 Rd8 44. Bc7 Rc8 45. Nf6+ Kg7 1-0

[Event "BL2-Sued 2122"]
[Site "Germany"]
[Date "2022.07.02"]
[Round "9.7"]
[White "Beyer, Christian"]
[Black "Bilchinski, Anton"]
[Result "0-1"]
[WhiteElo "2293"]
[BlackElo "2241"]
[PlyCount "104"]
[EventDate "2022.03.05"]
[EventType "team-tourn"]
[EventRounds "10"]
[EventCountry "GER"]
[SourceTitle "EXT 2023"]
[Source "ChessBase"]
[SourceDate "2022.10.05"]
[SourceVersion "1"]
[SourceVersionDate "2022.10.05"]
[SourceQuality "1"]
[WhiteTeam "Stuttgart"]
[BlackTeam "Eppingen"]
[WhiteTeamCountry "GER"]
[BlackTeamCountry "GER"]

1. Nc3 Nf6 2. d4 d5 3. Bf4 Bf5 4. f3 e6 5. g4 Bg6 6. h4 h5 7. g5 Ng8 8. Nb5 Na6 9. e3 c6 10. Nc3 Nb4 11. Rh2 a5 12. a3 Na6 13. Nh3 Bd6 14. Qd2 Ne7 15. Rh1 Bf5 16. Bxd6 Qxd6 17. Nf4 e5 18. Nd3 exd4 19. exd4 0-0 20. 0-0-0 Ng6 21. Ne2 Nc7 22. Ndf4 Nxf4 23. Nxf4 g6 24. Qh2 Rad8 25. Nd3 Qxh2 26. Rxh2 Bxd3 27. Bxd3 Ne6 28. c3 Nf4 29. Bc2 Rde8 30. Kd2 Re7 31. Re1 Rfe8 32. Rxe7 Rxe7 33. b4 axb4 34. cxb4 Kg7 35. a4 f6 36. gxf6+ Kxf6 37. a5 g5 38. Bd3 gxh4 39. Rxh4 Kg5 40. Rh1 h4 41. Rg1+ Kf6 42. Bf1 Ne6 43. Ke3 Ng5+ 44. Kf2 Rh7 45. Bg2 h3 46. Bh1 Rh4 47. Ke3 Kf5 48. Rg4 Nxf3 49. Rg7 Nxd4 50. Kd3 Nb5 51. Rxb7 Rxb4 52. a6 Ke5 0-1

[Event "BL2-Sued 2122"]
[Site "Germany"]
[Date "2022.05.15"]
[Round "6.7"]
[White "Beyer, Christian"]
[Black "Fichter, Fabian"]
[Result "0-1"]
[WhiteElo "2293"]
[BlackElo "2229"]
[PlyCount "102"]
[EventDate "2022.03.05"]
[EventType "team-tourn"]
[EventRounds "10"]
[EventCountry "GER"]
[SourceTitle "EXT 2023"]
[Source "ChessBase"]
[SourceDate "2022.10.05"]
[SourceVersion "1"]
[SourceVersionDate "2022.10.05"]
[SourceQuality "1"]
[WhiteTeam "Stuttgart"]
[BlackTeam "Walldorf"]
[WhiteTeamCountry "GER"]
[BlackTeamCountry "GER"]

1. d4 d5 2. Bf4 c6 3. e3 Qb6 4. Qc1 Bf5 5. Nf3 Nf6 6. Be2 h6 7. Nbd2 Nbd7 8. h3 e6 9. c4 a5 10. 0-0 Be7 11. c5 Qa7 12. Ne5 Nxe5 13. Bxe5 0-0 14. Bxf6 Bxf6 15. Qc3 Rfc8 16. Rfc1 Qb8 17. Nf3 b5 18. Bd3 Bxd3 19. Qxd3 e5 20. Qf5 Re8 21. Re1 Qc8 22. Qh5 Qc7 23. Rad1 Rad8 24. dxe5 Bxe5 25. Re2 Bf6 26. Nd4 Re4 27. Red2 Bxd4 28. exd4 Rde8 29. g3 Qe7 30. Kg2 Qf6 31. h4 Qe6 32. Rd3 f5 33. R1d2 Rf8 34. Qf3 g6 35. Ra3 h5 36. Qd3 f4 37. f3 Re3 38. Qf1 fxg3 39. Rxe3 Qxe3 40. Qd3 Qe6 41. Re2 Qf6 42. Re5 Kg7 43. Rg5 Re8 44. Kxg3 Re1 45. Kf2 Rh1 46. Qe3 Rd1 47. Ke2 Rxd4 48. Re5 Rxh4 49. Re7+ Kf8 50. Re5 Kf7 51. Kf1 Rh2 0-1

[Event "Oberliga Wuerttemberg 2122"]
[Site "Wuerttemberg"]
[Date "2022.03.13"]
[Round "7.1"]
[White "Beyer, Christian"]
[Black "Sokratov, Stanislav"]
[Result "1-0"]
[WhiteElo "2293"]
[BlackElo "2198"]
[PlyCount "107"]
[EventDate "2021.09.19"]
[EventType "team-tourn"]
[EventRounds "9"]
[EventCountry "GER"]
[SourceTitle "EXT 2023"]
[Source "ChessBase"]
[SourceDate "2022.10.05"]
[SourceVersion "1"]
[SourceVersionDate "2022.10.05"]
[SourceQuality "1"]
[WhiteTeam "Stuttgart SF II"]
[BlackTeam "Biberach"]
[WhiteTeamCountry "GER"]
[BlackTeamCountry "GER"]

1. e4 c6 2. d4 d5 3. Nc3 dxe4 4. Nxe4 Nf6 5. Nxf6+ exf6 6. c3 Bd6 7. Bd3 Na6 8. Ne2 Nc7 9. Qc2 h5 10. 0-0 h4 11. h3 g6 12. Be3 Nd5 13. Bd2 Be6 14. c4 Ne7 15. Rad1 Kf8 16. d5 cxd5 17. c5 Bc7 18. Nd4 Kg7 19. b4 Rc8 20. Bc3 Rh5 21. Be2 Rh8 22. Bd3 Bf4 23. Rfe1 Bd7 24. Qe2 Nc6 25. Qf3 Be5 26. Nxc6 Bxc6 27. Bxe5 fxe5 28. Rxe5 Qf6 29. Qxf6+ Kxf6 30. f4 a6 31. Kf2 Rhe8 32. Rde1 Rxe5 33. Rxe5 d4 34. Be4 Bxe4 35. Rxe4 Rd8 36. Ke2 d3+ 37. Kd2 Rd7 38. Rc4 Ke6 39. a4 Kd5 40. Kxd3 Kc6+ 41. Rd4 Rd5 42. Kc4 Rf5 43. b5+ axb5+ 44. axb5+ Kc7 45. b6+ Kc8 46. Kb5 Rh5 47. Ra4 Kb8 48. Re4 Rh8 49. Re7 Rf8 50. c6 bxc6+ 51. Kxc6 f6 52. Kd7 Kb7 53. Re8 Rf7+ 54. Ke6 1-0

[Event "BL2-Sued 1920"]
[Site "Germany"]
[Date "2020.02.09"]
[Round "8.7"]
[White "Beyer, Christian"]
[Black "Mueller, Olaf"]
[Result "1-0"]
[WhiteElo "2277"]
[BlackElo "2336"]
[PlyCount "161"]
[EventDate "2019.10.19"]
[EventType "team-tourn"]
[EventRounds "11"]
[EventCountry "GER"]
[SourceTitle "CBM 194 Extra"]
[Source "ChessBase"]
[SourceDate "2020.03.31"]
[SourceVersion "1"]
[SourceVersionDate "2020.03.31"]
[SourceQuality "1"]
[WhiteTeam "Stuttgart SF"]
[BlackTeam "Walldorf"]
[WhiteTeamCountry "GER"]
[BlackTeamCountry "GER"]

1. e4 Nf6 2. Nc3 d5 3. e5 d4 4. Nce2 Ne4 5. c3 Nc5 6. Nxd4 Qd5 7. Ngf3 g5 8. Nb5 Qe4+ 9. Qe2 Nd3+ 10. Kd1 Qa4+ 11. b3 Qxb5 12. Qxd3 Qxd3 13. Bxd3 Nc6 14. Re1 g4 15. Nh4 Bg7 16. Bb5 Bd7 17. d4 0-0-0 18. f4 gxf3 19. Nxf3 Rhg8 20. Ke2 Nxe5 21. Bxd7+ Nxd7 22. Kf1 Bf6 23. Bf4 e6 24. Rac1 Nb6 25. Re2 Nd5 26. Bd2 Rg4 27. Ne5 Rg7 28. Rce1 h5 29. Rf2 Rh8 30. c4 Bxe5 31. Rxe5 Nb6 32. Rg5 Rxg5 33. Bxg5 Rh7 34. h4 Kd7 35. Rf6 Nc8 36. Kf2 Nd6 37. Kf3 Nf5 38. d5 Rg7 39. g4 hxg4+ 40. Kxg4 Nd6 41. Kf4 exd5 42. cxd5 Rh7 43. Rh6 Rg7 44. Rh8 Ne8 45. h5 f6 46. Bh4 Re7 47. h6 Kd6 48. h7 Kxd5 49. Bxf6 Rf7 50. Rxe8 Rxh7 51. Re2 Rf7 52. Kf5 c5 53. Rd2+ Kc6 54. Ke6 Rh7 55. Rd6+ Kb5 56. Bc3 Rh6+ 57. Kd7 Rh7+ 58. Kd8 c4 59. Rd5+ Kc6 60. bxc4 Rh2 61. Bb4 Rh8+ 62. Ke7 Rh7+ 63. Ke6 Rh2 64. Rd6+ Kc7 65. Rd2 Rh4 66. Kd5 Rh5+ 67. Kd4 a5 68. Be7 Rh7 69. Bf6 Kc6 70. a4 Rh3 71. Rd3 Rh2 72. Kc3 b6 73. Kb3 Rh1 74. Bb2 Rf1 75. Rg3 Rb1 76. Rg6+ Kc5 77. Rh6 Rf1 78. Rh5+ Kc6 79. Rh6+ Kc5 80. Ba3+ Kd4 81. Rd6+ 1-0

[Event "BL2-Sued 1920"]
[Site "Germany"]
[Date "2020.02.07"]
[Round "4.7"]
[White "Bethke, Richard"]
[Black "Beyer, Christian"]
[Result "1-0"]
[WhiteElo "2368"]
[BlackElo "2277"]
[PlyCount "79"]
[EventDate "2019.10.19"]
[EventType "team-tourn"]
[EventRounds "11"]
[EventCountry "GER"]
[SourceTitle "CBM 194 Extra"]
[Source "ChessBase"]
[SourceDate "2020.03.31"]
[SourceVersion "1"]
[SourceVersionDate "2020.03.31"]
[SourceQuality "1"]
[WhiteTeam "Neuberg"]
[BlackTeam "Stuttgart SF"]
[WhiteTeamCountry "GER"]
[BlackTeamCountry "GER"]

1. e4 Nc6 2. Nf3 d6 3. d4 Bg4 4. c3 Nf6 5. Bd3 e5 6. d5 Nb8 7. Nbd2 c6 8. dxc6 Nxc6 9. 0-0 Be7 10. Re1 0-0 11. Nf1 Re8 12. Bg5 Nh5 13. Bxe7 Qxe7 14. Ne3 Be6 15. Nd5 Qd8 16. Bb5 a6 17. Ba4 b5 18. Bb3 Na5 19. Nxe5 Nxb3 20. Nc6 Qd7 21. axb3 Qxc6 22. Qxh5 a5 23. Qg5 h6 24. Ne7+ Rxe7 25. Qxe7 Re8 26. Qh4 Bxb3 27. Rxa5 f5 28. Ra7 fxe4 29. Re7 Rxe7 30. Qxe7 Bd5 31. h4 Qc5 32. Ra1 Qc8 33. Qxd6 Qf5 34. Rd1 Be6 35. g3 Kh7 36. Qf4 Qg6 37. Rd6 e3 38. Qxe3 Qb1+ 39. Kh2 Bc8 40. Qd3+ 1-0

[Event "BL2-Sued 1920"]
[Site "Germany"]
[Date "2019.12.07"]
[Round "5.6"]
[White "Lobzhanidze, Davit"]
[Black "Beyer, Christian"]
[Result "0-1"]
[WhiteElo "2422"]
[BlackElo "2277"]
[PlyCount "82"]
[EventDate "2019.10.19"]
[EventType "team-tourn"]
[EventRounds "11"]
[EventCountry "GER"]
[SourceTitle "CBM 194 Extra"]
[Source "ChessBase"]
[SourceDate "2020.03.31"]
[SourceVersion "1"]
[SourceVersionDate "2020.03.31"]
[SourceQuality "1"]
[WhiteTeam "Hofheim"]
[BlackTeam "Stuttgart SF"]
[WhiteTeamCountry "GER"]
[BlackTeamCountry "GER"]

1. e4 c5 2. Nf3 e6 3. d3 Nc6 4. c3 Nf6 5. g3 d5 6. Qe2 Be7 7. Bg2 c4 8. exd5 cxd3 9. Qxd3 exd5 10. 0-0 0-0 11. Nbd2 Bg4 12. Nb3 Qc8 13. Nbd4 Re8 14. Re1 Ne4 15. Be3 Bf6 16. Nxc6 bxc6 17. Nd2 Nd6 18. Bc5 Bf5 19. Rxe8+ Nxe8 20. Qe3 Qb7 21. b3 Nc7 22. Bd4 Re8 23. Qf3 Bxd4 24. cxd4 g6 25. Nf1 Qb4 26. Rd1 Nb5 27. a3 Qxa3 28. Ne3 Bd7 29. Qf6 Qxb3 30. Bf3 Qb4 31. Bg4 Rxe3 32. Bxd7 Re1+ 33. Rxe1 Qxe1+ 34. Kg2 Qe4+ 35. f3 Qxd4 36. Qxc6 Nc3 37. Qc8+ Kg7 38. Qc7 Nd1 39. f4 Qb2+ 40. Kf3 Qf2+ 41. Kg4 Qe2+ 0-1

[Event "BL2-Sued 1920"]
[Site "Germany"]
[Date "2019.10.19"]
[Round "1.6"]
[White "Beyer, Christian"]
[Black "Weidemann, Joerg"]
[Result "1/2-1/2"]
[WhiteElo "2277"]
[BlackElo "2277"]
[PlyCount "95"]
[EventDate "2019.10.19"]
[EventType "team-tourn"]
[EventRounds "11"]
[EventCountry "GER"]
[SourceTitle "CBM 194 Extra"]
[Source "ChessBase"]
[SourceDate "2020.03.31"]
[SourceVersion "1"]
[SourceVersionDate "2020.03.31"]
[SourceQuality "1"]
[WhiteTeam "Stuttgart SF"]
[BlackTeam "Emmendingen"]
[WhiteTeamCountry "GER"]
[BlackTeamCountry "GER"]

1. e4 e6 2. d4 d5 3. Nc3 Nf6 4. e5 Nfd7 5. f4 c5 6. Nf3 Nc6 7. Be3 a6 8. Qd2 Be7 9. dxc5 Nxc5 10. 0-0-0 b5 11. Qf2 b4 12. Nxd5 exd5 13. Bxc5 Qa5 14. Bxe7 Nxe7 15. Kb1 Be6 16. Nd4 g6 17. Bd3 Qb6 18. Rd2 Rb8 19. h4 h5 20. Rc1 Kd7 21. c3 Rhc8 22. Nxe6 bxc3 23. Qxb6 Rxb6 24. Nf8+ Ke8 25. Rdc2 Kxf8 26. Rxc3 Rcb8 27. R1c2 a5 28. Rc5 a4 29. a3 Rb3 30. Rd2 Rxa3 31. Bc2 Re3 32. Rd4 a3 33. b4 Re2 34. b5 a2+ 35. Ka1 Rxg2 36. Rb4 Nc8 37. Bb3 Nb6 38. Bxd5 Rd2 39. Bb3 Rh2 40. Rc7 Ra8 41. Rd4 Rh3 42. Bd1 Rha3 43. Rd6 Rb8 44. f5 Na8 45. Rc5 gxf5 46. Bxh5 Ra7 47. Ra6 Re7 48. Kxa2 1/2-1/2

[Event "Wuerttemberg-ch"]
[Site "Stuttgart"]
[Date "2017.08.31"]
[Round "6"]
[White "Beyer, Christian"]
[Black "Pogan, Nikolas"]
[Result "1-0"]
[WhiteElo "2256"]
[BlackElo "2310"]
[PlyCount "63"]
[EventDate "2017.08.26"]
[EventType "swiss"]
[EventRounds "9"]
[EventCountry "GER"]
[SourceTitle "CBM 180 Extra"]
[Source "ChessBase"]
[SourceDate "2017.10.06"]
[SourceVersion "1"]
[SourceVersionDate "2017.10.06"]
[SourceQuality "1"]

1. e4 c6 2. d4 d5 3. exd5 cxd5 4. c4 Nf6 5. Nc3 e6 6. Nf3 Be7 7. cxd5 Nxd5 8. Bc4 Nxc3 9. bxc3 Qc7 10. Qd3 Nd7 11. 0-0 0-0 12. Bb3 b6 13. Re1 Re8 14. h4 Nf6 15. Ne5 Bb7 16. Nxf7 Kxf7 17. Rxe6 Kf8 18. Rxf6+ Bxf6 19. Ba3+ Re7 20. Qxh7 Ke8 21. Qg8+ Kd7 22. Ba4+ Bc6 23. Qd5+ Kc8 24. Qxc6 Qxc6 25. Bxc6 Rb8 26. Bxe7 Bxe7 27. g3 Kc7 28. Be4 Kd6 29. Kf1 Rc8 30. Rc1 Bf6 31. Rc2 Re8 32. f3 1-0

[Event "Wuerttemberg-ch"]
[Site "Stuttgart"]
[Date "2017.08.28"]
[Round "3"]
[White "Fischer, Sebastian"]
[Black "Beyer, Christian"]
[Result "1-0"]
[WhiteElo "2219"]
[BlackElo "2256"]
[PlyCount "50"]
[EventDate "2017.08.26"]
[EventType "swiss"]
[EventRounds "9"]
[EventCountry "GER"]
[SourceTitle "CBM 180 Extra"]
[Source "ChessBase"]
[SourceDate "2017.10.06"]
[SourceVersion "1"]
[SourceVersionDate "2017.10.06"]
[SourceQuality "1"]

1. d4 d5 2. Bf4 Nf6 3. e3 e6 4. Nf3 c5 5. Nbd2 Qb6 6. Rb1 Nc6 7. c3 Qd8 8. Bd3 Bd6 9. Bg3 0-0 10. e4 Nh5 11. Ne5 Nxg3 12. hxg3 g6 13. Nxc6 bxc6 14. e5 Be7 15. Qg4 Kg7 16. dxc5 Bxc5 17. Qf4 h5 18. Nf3 f5 19. exf6+ Rxf6 20. Qg5 Bxf2+ 21. Kd1 Qb6 22. Bxg6 Qe3 23. Qxh5 Ba6 24. Qh7+ Kf8 25. Nd4 Qg5 1-0

[Event "Golden Sands op-A"]
[Site "Golden Sands"]
[Date "2015.06.09"]
[Round "2"]
[White "Mammadov, Zaur Fazahir Oglu"]
[Black "Beyer, Christian"]
[Result "1-0"]
[WhiteElo "2500"]
[BlackElo "2231"]
[PlyCount "88"]
[EventDate "2015.06.08"]
[EventType "swiss"]
[EventRounds "9"]
[EventCountry "BUL"]
[SourceTitle "CBM 167 Extra"]
[Source "ChessBase"]
[SourceDate "2015.09.14"]
[SourceVersion "1"]
[SourceVersionDate "2015.09.14"]
[SourceQuality "1"]

1. e4 c5 2. c3 Nf6 3. e5 Nd5 4. Nf3 Nc6 5. Bc4 Nb6 6. Bb3 d5 7. exd6 Qxd6 8. 0-0 Be6 9. Na3 Bxb3 10. Qxb3 Qd3 11. Re1 Rd8 12. Nb5 Qc4 13. d4 cxd4 14. Bf4 dxc3 15. Qxc4 Nxc4 16. b3 Nb2 17. Nd6+ Rxd6 18. Bxd6 c2 19. Ba3 Nd3 20. Re2 e6 21. Bc1 Ncb4 22. Rd2 Bd6 23. a3 Nxc1 24. Rxc1 Nd5 25. Rdxc2 Kd7 26. g3 Ra8 27. a4 a6 28. Ng5 Ke7 29. Ne4 Ba3 30. Rd1 Bb4 31. Rc4 Rb8 32. Ng5 Bd6 33. Re1 h6 34. Rd4 Bb4 35. Ree4 Rd8 36. Nf3 Bc3 37. Rd3 b5 38. axb5 axb5 39. Kf1 g5 40. Re2 Kf6 41. Ra2 Rd7 42. h4 Kg6 43. Ra8 g4 44. Rxc3 Kf5 1-0

[Event "Golden Sands op-A"]
[Site "Golden Sands"]
[Date "2015.06.08"]
[Round "1"]
[White "Beyer, Christian"]
[Black "Givon, Asaf"]
[Result "1-0"]
[WhiteElo "2231"]
[BlackElo "2463"]
[PlyCount "140"]
[EventDate "2015.06.08"]
[EventType "swiss"]
[EventRounds "9"]
[EventCountry "BUL"]
[SourceTitle "CBM 167 Extra"]
[Source "ChessBase"]
[SourceDate "2015.09.14"]
[SourceVersion "1"]
[SourceVersionDate "2015.09.14"]
[SourceQuality "1"]

1. e4 c5 2. Nf3 e6 3. d4 cxd4 4. Nxd4 a6 5. Nc3 b5 6. Bd3 Qb6 7. Nf3 Qc7 8. 0-0 Bb7 9. Bg5 d6 10. Qe2 Nd7 11. a4 bxa4 12. Nxa4 Ngf6 13. h3 Be7 14. Bf4 0-0 15. Rfe1 Rfd8 16. Rac1 Bc6 17. Ra1 Qb7 18. b4 d5 19. exd5 Nxd5 20. Bd2 Qc7 21. Bxa6 Nxb4 22. Bxb4 Bxb4 23. Reb1 Rdb8 24. Nd4 e5 25. Nxc6 Qxc6 26. Nb2 Bc5 27. Bb5 Rxa1 28. Bxc6 Rxb1+ 29. Kh2 R1xb2 30. Bxd7 Bd4 31. g4 g6 32. h4 h6 33. Kg2 R8b6 34. g5 hxg5 35. hxg5 Kg7 36. Ba4 R6b4 37. Bc6 Rb8 38. Bd5 Rc8 39. Bb3 Rc3 40. Ba4 Rb8 41. Qa6 Rb6 42. Qe2 Rc7 43. Bb3 Rc3 44. Ba4 f6 45. Qg4 Rc7 46. Bb3 fxg5 47. Qxg5 Rf6 48. f3 Rc3 49. Qg4 Rf5 50. Qh4 Rf6 51. Qg4 Rf5 52. Qh4 Re3 53. Be6 Rf6 54. Bd5 Re2+ 55. Kh3 Rxc2 56. Qg4 Rd6 57. Be4 Rf2 58. Qh4 Rf6 59. Qg4 Rf1 60. Qd7+ Rf7 61. Qe8 Rh1+ 62. Kg2 Rg1+ 63. Kh3 Rh1+ 64. Kg2 Rg1+ 65. Kh3 Rg5 66. Bd5 Rh5+ 67. Kg2 Ra7 68. Qg8+ Kh6 69. Qf8+ Kg5 70. Kg3 Rhh7 1-0

[Event "Neckar op-A 18th"]
[Site "Deizisau"]
[Date "2014.04.18"]
[Round "2"]
[White "Beyer, Christian"]
[Black "Bachmann, Axel"]
[Result "0-1"]
[WhiteElo "2222"]
[BlackElo "2598"]
[PlyCount "82"]
[EventDate "2014.04.17"]
[EventType "swiss"]
[EventRounds "9"]
[EventCountry "GER"]
[SourceTitle "CBM 159 Extra"]
[Source "ChessBase"]
[SourceDate "2014.04.24"]
[SourceVersion "1"]
[SourceVersionDate "2014.04.24"]
[SourceQuality "1"]

1. e4 c5 2. Nf3 e6 3. d4 cxd4 4. Nxd4 a6 5. Bd3 Nf6 6. 0-0 d6 7. c4 Be7 8. Nc3 0-0 9. b3 Nc6 10. Nxc6 bxc6 11. Bb2 e5 12. Qe2 Qc7 13. Rac1 Bg4 14. Qe3 Nd7 15. Be2 Be6 16. Nd5 Qd8 17. Nxe7+ Qxe7 18. c5 d5 19. exd5 Bxd5 20. f4 f6 21. Rfe1 Rfe8 22. Bh5 g6 23. Bg4 Ra7 24. h3 e4 25. Qd4 Kf7 26. Re3 a5 27. Be2 Nf8 28. f5 Nd7 29. Bc4 gxf5 30. Bxd5+ cxd5 31. Qxd5+ Qe6 32. Qd1 f4 33. Qh5+ Kg8 34. Re2 Nf8 35. Rc4 f5 36. c6 Ng6 37. c7 Rxc7 38. Rxc7 Qb6+ 39. Kh1 Qxc7 40. Qxf5 e3 41. Rc2 e2 0-1

[Event "Oberliga Wuerttemberg 0809"]
[Site "Wuerttemberg"]
[Date "2009.03.29"]
[Round "9.3"]
[White "Trachtmann, Mark"]
[Black "Beyer, Christian"]
[Result "1-0"]
[WhiteElo "2275"]
[BlackElo "2167"]
[PlyCount "103"]
[EventDate "2008.10.12"]
[EventType "team-tourn"]
[EventRounds "9"]
[EventCountry "GER"]
[SourceTitle "EXT 2019"]
[Source "ChessBase"]
[SourceDate "2018.10.10"]
[SourceVersion "1"]
[SourceVersionDate "2018.10.10"]
[SourceQuality "1"]
[WhiteTeam "Schmiden/Cannstatt"]
[BlackTeam "Feuerbach"]
[WhiteTeamCountry "GER"]
[BlackTeamCountry "GER"]

1. d4 d5 2. c4 e6 3. cxd5 exd5 4. Nc3 Bf5 5. Nf3 c6 6. Bf4 Nf6 7. e3 Be7 8. Bd3 Bxd3 9. Qxd3 Nbd7 10. h3 0-0 11. 0-0 Re8 12. Rab1 a5 13. a3 g6 14. Qc2 Nb6 15. Qb3 Ra7 16. Nd2 Nfd7 17. e4 dxe4 18. Ndxe4 Nf6 19. Rfe1 Nfd5 20. Be5 a4 21. Qc2 Qd7 22. Nc5 Bxc5 23. dxc5 Nc4 24. Bd4 Rxe1+ 25. Rxe1 Nc7 26. Bf6 Nd5 27. Ne4 b5 28. cxb6 Ncxb6 29. Bd4 c5 30. Nxc5 Qc8 31. Qd2 Re7 32. Rxe7 Nxe7 33. Ne4 Nbd5 34. Nf6+ Nxf6 35. Bxf6 Nc6 36. Qh6 Qf8 37. Qf4 Qc8 38. Qxa4 h6 39. Qf4 g5 40. Qe3 Nd8 41. Qc3 Nc6 42. b4 Qe6 43. b5 Na7 44. a4 Qa2 45. Qd4 Nc8 46. Qd8+ Kh7 47. Qxc8 Qb1+ 48. Kh2 Qe4 49. Qh8+ Kg6 50. Qg7+ Kf5 51. Qh7+ Kf4 52. Qxe4+ 1-0